[Event "Charlesbourg Millenium"]
[Site "Charlesbourg"]
[Date "2010.12.06"]
[Round "3"]
[White "Beaudoin, Stephane"]
[Black "Poliquin, Yvone"]
[Result "1-0"]
[WhiteElo "2035"]
[BlackElo "2010"]
[PlyCount "117"]
[EventDate "2010.11.??"]
[EventType "swiss"]
[EventRounds "5"]
[EventCountry "CAN"]
[SourceTitle "EXT 2022"]
[Source "ChessBase"]
[SourceDate "2021.10.06"]
[SourceVersion "1"]
[SourceVersionDate "2021.10.06"]
[SourceQuality "1"]

1. e4 c5 2. Nf3 g6 3. d4 cxd4 4. Nxd4 Bg7 5. Nc3 Nc6 6. Nxc6 bxc6 7. Bd3 d6 8. 0-0 Nf6 9. Rb1 0-0 10. Bg5 h6 11. Bh4 Nd7 12. f4 a5 13. Qf3 Ba6 14. Bxa6 Rxa6 15. Rfd1 Ra7 16. Na4 f6 17. Qb3+ Kh7 18. Bf2 Ra8 19. Qe6 Qe8 20. c4 c5 21. Nc3 Nb6 22. Bxc5 Qc8 23. Qxc8 Nxc8 24. Be3 f5 25. exf5 Rxf5 26. Rd5 Bxc3 27. bxc3 Rf7 28. Rb7 Kg8 29. Rdb5 Ra6 30. Rc7 Ra8 31. Rbb7 a4 32. g3 Rf8 33. Kg2 Kf7 34. c5 Re8 35. c4 Kf8 36. g4 Kf7 37. Kf3 Kg7 38. h4 Kf6 39. Ke4 dxc5 40. Bxc5 Ra6 41. Bd4+ Kf7 42. c5 Ra8 43. a3 Rg8 44. Kd3 Ke6 45. Ke4 Kf7 46. Be5 Ke8 47. Kd5 g5 48. fxg5 hxg5 49. h5 Kf7 50. Rb2 Rd8+ 51. Ke4 Kg8 52. Rf2 Rd1 53. Rf5 Re1+ 54. Kd5 Re3 55. Rxg5+ Kf8 56. h6 Na7 57. h7 Rd8+ 58. Ke6 Rxe5+ 59. Kxe5 1-0

[Event "Charlesbourg Olympiade"]
[Site "Charlesbourg"]
[Date "2010.11.15"]
[Round "6"]
[White "Poliquin, Yvone"]
[Black "Beaudoin, Stephane"]
[Result "1-0"]
[WhiteElo "2033"]
[BlackElo "2050"]
[PlyCount "89"]
[EventDate "2010.10.11"]
[EventType "swiss"]
[EventRounds "6"]
[EventCountry "CAN"]
[SourceTitle "EXT 2022"]
[Source "ChessBase"]
[SourceDate "2021.10.06"]
[SourceVersion "1"]
[SourceVersionDate "2021.10.06"]
[SourceQuality "1"]

1. e4 c5 2. Nf3 g6 3. d4 cxd4 4. Qxd4 Nf6 5. e5 Nc6 6. Qa4 Nd5 7. Qe4 Nb6 8. Bb5 Bg7 9. 0-0 0-0 10. Re1 a6 11. Bxc6 dxc6 12. Qh4 Nd5 13. a3 b5 14. Nbd2 f6 15. c4 Nc7 16. Ne4 Ne6 17. exf6 exf6 18. c5 Nd4 19. Nxd4 Qxd4 20. Be3 Qxb2 21. Rad1 g5 22. Qh5 Bf5 23. Nd6 Bg6 24. Qf3 Qxa3 25. Qxc6 Qb3 26. Bd4 b4 27. Rb1 Qd3 28. Rbd1 Qb3 29. f4 gxf4 30. Rd2 a5 31. Re7 Qb1+ 32. Kf2 Qc1 33. Rde2 f3 34. Rxg7+ Kxg7 35. Re7+ Kg8 36. Qd5+ Bf7 37. Nxf7 Qd2+ 38. Kxf3 Qd3+ 39. Re3 Qd1+ 40. Kf2 Qd2+ 41. Kf1 Qd1+ 42. Re1 Qd3+ 43. Kg1 Qa6 44. Nd6+ Kh8 45. Qf5 1-0

[Event "Charlesbourg Olympiade"]
[Site "Charlesbourg"]
[Date "2010.11.01"]
[Round "4"]
[White "Poliquin, Yvone"]
[Black "Lessard, Claude"]
[Result "0-1"]
[WhiteElo "2033"]
[BlackElo "2075"]
[PlyCount "42"]
[EventDate "2010.10.11"]
[EventType "swiss"]
[EventRounds "6"]
[EventCountry "CAN"]
[SourceTitle "EXT 2022"]
[Source "ChessBase"]
[SourceDate "2021.10.06"]
[SourceVersion "1"]
[SourceVersionDate "2021.10.06"]
[SourceQuality "1"]

1. e4 c6 2. d4 d5 3. e5 Bf5 4. Be3 e6 5. Nd2 Nd7 6. c4 dxc4 7. Bxc4 Nb6 8. Be2 Ne7 9. Nb3 Ned5 10. Nf3 Nxe3 11. fxe3 Nd5 12. Kf2 Be7 13. Nbd2 Bg6 14. g3 0-0 15. Bc4 f6 16. e4 fxe5 17. dxe5 Qb6+ 18. Ke2 Qe3+ 19. Kf1 Bxe4 20. Be2 Bxf3 21. Nxf3 Qxe5 0-1

[Event "Charlesbourg Olympiade"]
[Site "Charlesbourg"]
[Date "2010.10.11"]
[Round "1"]
[White "Lessard, Claude"]
[Black "Poliquin, Yvone"]
[Result "0-1"]
[WhiteElo "2094"]
[BlackElo "2033"]
[PlyCount "123"]
[EventDate "2010.10.11"]
[EventType "swiss"]
[EventRounds "6"]
[EventCountry "CAN"]
[SourceTitle "EXT 2022"]
[Source "ChessBase"]
[SourceDate "2021.10.06"]
[SourceVersion "1"]
[SourceVersionDate "2021.10.06"]
[SourceQuality "1"]

1. d4 d5 2. Nf3 c5 3. e3 e6 4. Nbd2 cxd4 5. exd4 Nc6 6. c3 Bd6 7. Bd3 Nf6 8. 0-0 0-0 9. Re1 Qc7 10. Qe2 Nd7 11. Nf1 e5 12. dxe5 Ncxe5 13. Nxe5 Nxe5 14. Bc2 Bg4 15. f3 Bh5 16. Be3 Rfe8 17. Qd1 Rad8 18. Ba4 Nc6 19. Bf2 Rxe1 20. Qxe1 Qa5 21. Bb3 Bc5 22. Rd1 Bxf2+ 23. Qxf2 f6 24. Qe1 Qc5+ 25. Qf2 Qa5 26. Kh1 Bf7 27. Qd2 Qc5 28. Qf4 Qe7 29. h4 d4 30. Bxf7+ Kxf7 31. cxd4 Qe2 32. Qc1 Qf2 33. d5 Qxh4+ 34. Kg1 Ne5 35. f4 Nd7 36. Qc7 f5 37. g3 Qf6 38. Qxb7 Qb6+ 39. Qxb6 Nxb6 40. Ne3 g6 41. Kf2 Ke7 42. Ke2 Kd6 43. b3 Re8 44. Kf3 Rc8 45. Rd3 Rc5 46. g4 a5 47. Kg3 fxg4 48. Kxg4 Nxd5 49. Nc4+ Ke6 50. Rd2 Kf6 51. Re2 Ne7 52. Rd2 h5+ 53. Kf3 Nf5 54. Rd8 h4 55. Kg4 Ke7 56. Ra8 Nd4 57. Nxa5 h3 58. a4 Rc3 59. Kg5 Nxb3 60. Nxb3 Rxb3 61. a5 Rb1 62. a6 0-1